[Event "Baku Chess Olympiad | Open"]
[Site "chess24.com"]
[Date "2016.09.12"]
[Round "10"]
[White "Hansen, Eric"]
[Black "Sveshnikov, Vladimir"]
[Result "1-0"]
[Board "4"]
[WhiteID "2606771"]
[WhiteElo "2582"]
[WhiteTitle "GM"]
[WhiteCountry "CAN"]
[WhiteFideId "2606771"]
[WhiteEloChange "3"]
[BlackID "11601884"]
[BlackElo "2404"]
[BlackTitle "IM"]
[BlackCountry "LAT"]
[BlackFideId "11601884"]
[BlackEloChange "-3"]

1. e4 {[%clk 1:30:41]} c5 {[%clk 1:30:56]} 2. Nf3 {[%clk 1:30:30]} Nc6 {[%clk
1:31:20]} 3. Bb5 {[%clk 1:30:07]} d6 {[%clk 1:31:46]} 4. O-O {[%clk 1:29:36]} Bd7
{[%clk 1:32:10]} 5. Re1 {[%clk 1:29:31]} Nf6 {[%clk 1:31:34]} 6. c3 {[%clk
1:28:20]} a6 {[%clk 1:31:43]} 7. Bf1 {[%clk 1:27:15]} Bg4 {[%clk 1:32:06]} 8. h3
{[%clk 1:21:22]} Bxf3 {[%clk 1:32:23]} 9. Qxf3 {[%clk 1:21:50]} e6 {[%clk
1:32:45]} 10. d3 {[%clk 1:15:29]} Be7 {[%clk 1:32:38]} 11. Nd2 {[%clk 1:09:38]}
O-O {[%clk 1:32:34]} 12. Qe2 {[%clk 1:08:43]} b5 {[%clk 1:28:14]} 13. a3 {[%clk
1:07:26]} Qc7 {[%clk 1:25:46]} 14. Nf3 {[%clk 1:07:15]} d5 {[%clk 1:24:35]} 15.
e5 {[%clk 1:04:42]} Nd7 {[%clk 1:25:00]} 16. d4 {[%clk 1:05:04]} c4 {[%clk
1:24:51]} 17. h4 {[%clk 1:04:42]} a5 {[%clk 1:22:02]} 18. Ng5 {[%clk 1:04:37]} b4
{[%clk 1:14:54]} 19. Qh5 {[%clk 1:03:16]} Bxg5 {[%clk 1:15:00]} 20. Bxg5 {[%clk
1:03:38]} bxc3 {[%clk 1:15:26]} 21. bxc3 {[%clk 1:04:05]} a4 {[%clk 0:48:08]} 22.
Qg4 {[%clk 1:00:31]} Kh8 {[%clk 0:46:29]} 23. Re3 {[%clk 1:00:58]} Rg8 {[%clk
0:42:50]} 24. Qf4 {[%clk 0:57:05]} Nf8 {[%clk 0:32:51]} 25. Rf3 {[%clk 0:36:12]}
Ra7 {[%clk 0:27:17]} 26. Be2 {[%clk 0:25:19]} h6 {[%clk 0:17:08]} 27. Qh2 {[%clk
0:05:02]} Nh7 {[%clk 0:16:01]} 28. Bc1 {[%clk 0:04:55]} Rb8 {[%clk 0:15:51]} 29.
Bd1 {[%clk 0:04:46]} Rab7 {[%clk 0:14:16]} 30. Qf4 {[%clk 0:03:45]} Na5 {[%clk
0:08:34]} 31. Rg3 {[%clk 0:01:15]} f5 {[%clk 0:05:03]} 32. exf6 {[%clk 0:00:36]}
Qxf4 {[%clk 0:03:39]} 33. Bxf4 {[%clk 0:00:56]} Rb1 {[%clk 0:04:04]} 34. Rxb1
{[%clk 0:01:05]} Rxb1 {[%clk 0:04:31]} 35. Kh2 {[%clk 0:01:20]} Rxd1 {[%clk
0:03:03]} 36. f7 {[%clk 0:01:48]} Rd3 {[%clk 0:02:27]} 37. f3 {[%clk 0:01:42]}
Nf8 {[%clk 0:01:43]} 38. Be5 {[%clk 0:01:35]} Nd7 {[%clk 0:01:19]} 39. Bxg7+
{[%clk 0:00:36]} Kh7 {[%clk 0:01:49]} 40. h5 {[%clk 0:30:33]} Rxc3 {[%clk
0:30:38]} 41. Be5 {[%clk 0:30:02]} 1-0

[Event "Baku Chess Olympiad | Open"]
[Site "chess24.com"]
[Date "2016.09.12"]
[Round "10"]
[White "Carlsen, Magnus"]
[Black "Ghaem Maghami, Ehsan"]
[Result "1-0"]
[Board "1"]
[WhiteID "1503014"]
[WhiteElo "2857"]
[WhiteTitle "GM"]
[WhiteCountry "NOR"]
[WhiteFideId "1503014"]
[WhiteEloChange "2"]
[BlackID "12500739"]
[BlackElo "2566"]
[BlackTitle "GM"]
[BlackCountry "IRI"]
[BlackFideId "12500739"]
[BlackEloChange "-2"]

1. d4 {[%clk 1:30:01]} d5 {[%clk 1:30:54]} 2. Nf3 {[%clk 1:30:18]} Nf6 {[%clk
1:31:05]} 3. Bf4 {[%clk 1:30:40]} e6 {[%clk 1:28:11]} 4. e3 {[%clk 1:30:50]} Bd6
{[%clk 1:27:49]} 5. Bg3 {[%clk 1:30:41]} c5 {[%clk 1:22:02]} 6. c3 {[%clk
1:29:25]} Nc6 {[%clk 1:21:59]} 7. Nbd2 {[%clk 1:29:41]} Bxg3 {[%clk 1:06:53]} 8.
hxg3 {[%clk 1:30:09]} Qd6 {[%clk 1:06:23]} 9. Bb5 {[%clk 1:23:15]} Bd7 {[%clk
1:05:05]} 10. Bxc6 {[%clk 1:21:40]} Bxc6 {[%clk 1:04:48]} 11. Ne5 {[%clk
1:21:56]} Qc7 {[%clk 1:00:04]} 12. Qf3 {[%clk 1:20:08]} h6 {[%clk 0:55:50]} 13.
Qf4 {[%clk 1:18:01]} Qe7 {[%clk 0:49:42]} 14. g4 {[%clk 1:12:19]} Nh7 {[%clk
0:48:26]} 15. Qg3 {[%clk 1:06:49]} Rg8 {[%clk 0:36:49]} 16. O-O {[%clk 1:05:13]}
Nf6 {[%clk 0:36:24]} 17. Rac1 {[%clk 1:01:19]} Rc8 {[%clk 0:31:51]} 18. c4 {[%clk
1:00:01]} dxc4 {[%clk 0:23:47]} 19. dxc5 {[%clk 0:56:28]} Qxc5 {[%clk 0:18:53]}
20. Ndxc4 {[%clk 0:55:45]} Ke7 {[%clk 0:18:03]} 21. b4 {[%clk 0:37:49]} Qxb4
{[%clk 0:15:38]} 22. Nd3 {[%clk 0:38:11]} Ne4 {[%clk 0:15:31]} 23. Nxb4 {[%clk
0:38:22]} Nxg3 {[%clk 0:15:45]} 24. fxg3 {[%clk 0:38:49]} Bb5 {[%clk 0:16:05]}
25. Rxf7+ {[%clk 0:39:16]} Kxf7 {[%clk 0:15:58]} 26. Nd6+ {[%clk 0:39:44]} Ke7
{[%clk 0:16:15]} 27. Nxc8+ {[%clk 0:39:58]} Kd7 {[%clk 0:16:36]} 28. Nxa7 {[%clk
0:40:23]} Ba4 {[%clk 0:17:00]} 29. Nd3 {[%clk 0:40:35]} 1-0

[Event "Baku Chess Olympiad | Open"]
[Site "chess24.com"]
[Date "2016.09.12"]
[Round "10"]
[White "Maghsoodloo, Parham"]
[Black "Hammer, Jon Ludvig"]
[Result "1/2-1/2"]
[Board "2"]
[WhiteID "12539929"]
[WhiteElo "2566"]
[WhiteCountry "IRI"]
[WhiteFideId "12539929"]
[WhiteEloChange "1"]
[BlackID "1503707"]
[BlackElo "2651"]
[BlackTitle "GM"]
[BlackCountry "NOR"]
[BlackFideId "1503707"]
[BlackEloChange "-1"]

1. Nf3 {[%clk 1:30:55]} d5 {[%clk 1:30:30]} 2. g3 {[%clk 1:31:16]} Nf6 {[%clk
1:30:53]} 3. Bg2 {[%clk 1:31:33]} e6 {[%clk 1:31:17]} 4. O-O {[%clk 1:31:31]} Be7
{[%clk 1:31:42]} 5. d3 {[%clk 1:31:25]} O-O {[%clk 1:29:19]} 6. Nbd2 {[%clk
1:31:47]} Nc6 {[%clk 1:29:43]} 7. e4 {[%clk 1:30:56]} dxe4 {[%clk 1:28:27]} 8.
dxe4 {[%clk 1:31:19]} e5 {[%clk 1:28:42]} 9. b3 {[%clk 1:31:38]} Bc5 {[%clk
1:23:02]} 10. Bb2 {[%clk 1:20:09]} Qe7 {[%clk 1:23:23]} 11. a3 {[%clk 1:18:56]}
a5 {[%clk 1:23:43]} 12. c3 {[%clk 1:19:22]} b6 {[%clk 1:16:46]} 13. b4 {[%clk
1:10:54]} Bd6 {[%clk 1:15:41]} 14. Nc4 {[%clk 1:08:35]} Rd8 {[%clk 1:06:16]} 15.
Nfd2 {[%clk 1:06:02]} Ba6 {[%clk 1:01:52]} 16. Qb3 {[%clk 1:01:43]} a4 {[%clk
0:58:34]} 17. Qa2 {[%clk 1:02:00]} Qe6 {[%clk 0:58:56]} 18. Rfd1 {[%clk 0:57:23]}
Bf8 {[%clk 0:56:45]} 19. Bf1 {[%clk 0:54:06]} b5 {[%clk 0:45:23]} 20. Ne3 {[%clk
0:53:55]} Qxa2 {[%clk 0:45:44]} 21. Rxa2 {[%clk 0:54:17]} Rd7 {[%clk 0:46:06]}
22. Bc1 {[%clk 0:54:30]} Na7 {[%clk 0:36:27]} 23. c4 {[%clk 0:45:29]} bxc4 {[%clk
0:23:28]} 24. Re1 {[%clk 0:45:53]} c3 {[%clk 0:14:36]} 25. Bxa6 {[%clk 0:45:42]}
cxd2 {[%clk 0:15:02]} 26. Bxd2 {[%clk 0:40:16]} Nxe4 {[%clk 0:14:57]} 27. Bb7
{[%clk 0:40:44]} Rad8 {[%clk 0:15:12]} 28. Bxe4 {[%clk 0:41:12]} Rxd2 {[%clk
0:15:32]} 29. Rxd2 {[%clk 0:41:41]} Rxd2 {[%clk 0:15:50]} 30. Nc4 {[%clk
0:42:09]} Rd4 {[%clk 0:15:21]} 31. Nxe5 {[%clk 0:42:07]} Nb5 {[%clk 0:15:22]} 32.
Bc6 {[%clk 0:41:50]} Nxa3 {[%clk 0:15:26]} 33. Nd7 {[%clk 0:42:13]} Nc2 {[%clk
0:08:04]} 34. Re8 {[%clk 0:42:31]} Rxd7 {[%clk 0:08:23]} 35. Bxd7 {[%clk
0:42:57]} a3 {[%clk 0:08:44]} 36. Ra8 {[%clk 0:43:05]} g6 {[%clk 0:09:05]} 37.
Bg4 {[%clk 0:42:18]} Kg7 {[%clk 0:08:15]} 38. Bd1 {[%clk 0:42:39]} Nd4 {[%clk
0:07:14]} 39. Rxa3 {[%clk 0:43:02]} Bxb4 {[%clk 0:07:37]} 40. Ra7 {[%clk
1:09:54]} Bd6 {[%clk 0:37:58]} 41. Ra4 {[%clk 1:09:41]} Bc5 {[%clk 0:37:16]} 42.
Rc4 {[%clk 1:09:57]} Bb6 {[%clk 0:37:39]} 43. Kg2 {[%clk 1:10:07]} Kf6 {[%clk
0:36:56]} 44. Ra4 {[%clk 1:10:14]} h5 {[%clk 0:37:17]} 45. Ra8 {[%clk 1:10:37]}
Bc5 {[%clk 0:36:07]} 46. Ba4 {[%clk 1:08:08]} Kg7 {[%clk 0:36:22]} 47. h4 {[%clk
1:07:35]} Kf6 {[%clk 0:36:44]} 48. Re8 {[%clk 1:06:47]} Be7 {[%clk 0:36:25]} 49.
Bd7 {[%clk 1:06:58]} Bc5 {[%clk 0:36:46]} 50. Re4 {[%clk 1:06:42]} Kg7 {[%clk
0:33:54]} 51. f3 {[%clk 1:06:34]} f5 {[%clk 0:34:00]} 52. Re5 {[%clk 1:05:25]}
Bd6 {[%clk 0:33:51]} 53. Rd5 {[%clk 1:05:05]} Nb3 {[%clk 0:31:04]} 54. Bb5 {[%clk
1:03:51]} Nc5 {[%clk 0:28:52]} 55. Rd1 {[%clk 1:03:40]} Ne6 {[%clk 0:29:00]} 56.
Re1 {[%clk 1:03:56]} Nf8 {[%clk 0:27:42]} 57. Bc6 {[%clk 1:00:38]} Nh7 {[%clk
0:28:05]} 58. f4 {[%clk 1:00:55]} Nf6 {[%clk 0:28:00]} 59. Kf3 {[%clk 1:01:20]}
Kf7 {[%clk 0:28:08]} 60. Ke2 {[%clk 1:01:41]} Kg7 {[%clk 0:26:09]} 61. Kd3 {[%clk
1:00:16]} Kf7 {[%clk 0:26:35]} 62. Kc4 {[%clk 1:00:42]} Kg7 {[%clk 0:25:16]} 63.
Kb5 {[%clk 0:58:06]} Kf7 {[%clk 0:25:42]} 64. Bf3 {[%clk 0:58:24]} Kg7 {[%clk
0:26:09]} 65. Kc6 {[%clk 0:58:50]} Kf7 {[%clk 0:26:36]} 66. Bd5+ {[%clk 0:57:35]}
Kg7 {[%clk 0:21:10]} 67. Re6 {[%clk 0:57:32]} Nh7 {[%clk 0:21:16]} 68. Re2 {[%clk
0:52:01]} Nf6 {[%clk 0:21:42]} 69. Re3 {[%clk 0:52:06]} Ng4 {[%clk 0:22:01]} 70.
Re1 {[%clk 0:52:21]} Nf6 {[%clk 0:22:27]} 71. Re2 {[%clk 0:52:48]} Kf8 {[%clk
0:22:17]} 72. Rd2 {[%clk 0:51:33]} Kg7 {[%clk 0:21:58]} 73. Kb7 {[%clk 0:50:52]}
Bb4 {[%clk 0:22:20]} 74. Rd3 {[%clk 0:51:14]} Bd6 {[%clk 0:22:44]} 75. Kc8 {[%clk
0:51:29]} Kf8 {[%clk 0:23:00]} 76. Kb7 {[%clk 0:51:29]} 1/2-1/2

[Event "Baku Chess Olympiad | Open"]
[Site "chess24.com"]
[Date "2016.09.12"]
[Round "10"]
[White "Tari, Aryan"]
[Black "Lorparizangeneh, Shahin"]
[Result "1-0"]
[Board "3"]
[WhiteID "1510045"]
[WhiteElo "2570"]
[WhiteTitle "GM"]
[WhiteCountry "NOR"]
[WhiteFideId "1510045"]
[WhiteEloChange "4"]
[BlackID "12521604"]
[BlackElo "2478"]
[BlackTitle "IM"]
[BlackCountry "IRI"]
[BlackFideId "12521604"]
[BlackEloChange "-4"]

1. e4 {[%clk 1:30:29]} e5 {[%clk 1:30:24]} 2. Nf3 {[%clk 1:30:44]} Nc6 {[%clk
1:30:50]} 3. Bb5 {[%clk 1:31:04]} a6 {[%clk 1:30:54]} 4. Ba4 {[%clk 1:31:26]} Nf6
{[%clk 1:31:18]} 5. O-O {[%clk 1:31:44]} Be7 {[%clk 1:31:08]} 6. d3 {[%clk
1:32:03]} b5 {[%clk 1:31:17]} 7. Bb3 {[%clk 1:32:25]} d6 {[%clk 1:31:20]} 8. a4
{[%clk 1:32:34]} Bd7 {[%clk 1:28:03]} 9. c3 {[%clk 1:32:37]} Na5 {[%clk 1:20:59]}
10. Bc2 {[%clk 1:31:27]} c5 {[%clk 1:21:20]} 11. d4 {[%clk 1:31:40]} cxd4 {[%clk
1:07:32]} 12. cxd4 {[%clk 1:30:48]} exd4 {[%clk 1:07:31]} 13. Nxd4 {[%clk
1:28:31]} O-O {[%clk 1:07:53]} 14. axb5 {[%clk 1:09:41]} axb5 {[%clk 1:07:52]}
15. Nc3 {[%clk 1:09:44]} b4 {[%clk 0:58:24]} 16. Nd5 {[%clk 1:09:31]} Nxd5 {[%clk
0:57:07]} 17. exd5 {[%clk 1:09:58]} Bf6 {[%clk 0:57:14]} 18. Be3 {[%clk 1:04:37]}
g6 {[%clk 0:50:02]} 19. Bd3 {[%clk 0:57:06]} Nb7 {[%clk 0:39:12]} 20. Qf3 {[%clk
0:51:26]} Rxa1 {[%clk 0:37:37]} 21. Rxa1 {[%clk 0:51:42]} Nc5 {[%clk 0:38:00]}
22. Bc4 {[%clk 0:48:38]} Be5 {[%clk 0:33:25]} 23. Nc6 {[%clk 0:33:19]} Bxc6
{[%clk 0:24:52]} 24. dxc6 {[%clk 0:33:14]} Qh4 {[%clk 0:24:18]} 25. g4 {[%clk
0:32:27]} Qe7 {[%clk 0:17:10]} 26. Re1 {[%clk 0:23:15]} Ne6 {[%clk 0:16:52]} 27.
b3 {[%clk 0:21:07]} Qh4 {[%clk 0:15:20]} 28. h3 {[%clk 0:20:03]} Kg7 {[%clk
0:13:15]} 29. Bxe6 {[%clk 0:19:36]} 1-0

[Event "Baku Chess Olympiad | Open"]
[Site "chess24.com"]
[Date "2016.09.12"]
[Round "10"]
[White "Firouzja, Alireza"]
[Black "Urkedal, Frode"]
[Result "0-1"]
[Board "4"]
[WhiteID "12573981"]
[WhiteElo "2463"]
[WhiteCountry "IRI"]
[WhiteFideId "12573981"]
[WhiteEloChange "-4"]
[BlackID "1506102"]
[BlackElo "2537"]
[BlackTitle "GM"]
[BlackCountry "NOR"]
[BlackFideId "1506102"]
[BlackEloChange "4"]

1. e4 {[%clk 1:30:55]} e5 {[%clk 1:30:39]} 2. Nf3 {[%clk 1:31:00]} Nc6 {[%clk
1:31:03]} 3. d4 {[%clk 1:31:06]} exd4 {[%clk 1:30:57]} 4. Nxd4 {[%clk 1:31:29]}
Bc5 {[%clk 1:30:58]} 5. Be3 {[%clk 1:31:38]} Qf6 {[%clk 1:29:29]} 6. c3 {[%clk
1:31:48]} Nge7 {[%clk 1:27:19]} 7. Bc4 {[%clk 1:31:18]} O-O {[%clk 1:22:23]} 8.
O-O {[%clk 1:23:18]} Bb6 {[%clk 1:15:01]} 9. Bb3 {[%clk 1:08:04]} Na5 {[%clk
1:08:39]} 10. Bc2 {[%clk 0:56:54]} Nc4 {[%clk 1:07:52]} 11. Bc1 {[%clk 0:53:37]}
d6 {[%clk 1:03:47]} 12. Kh1 {[%clk 0:49:26]} Nc6 {[%clk 0:45:57]} 13. Nxc6 {[%clk
0:48:03]} bxc6 {[%clk 0:46:20]} 14. f4 {[%clk 0:48:30]} Ne3 {[%clk 0:41:16]} 15.
Bxe3 {[%clk 0:48:40]} Bxe3 {[%clk 0:41:43]} 16. Qe2 {[%clk 0:37:56]} Bb6 {[%clk
0:41:22]} 17. Nd2 {[%clk 0:38:05]} Re8 {[%clk 0:33:56]} 18. Bd3 {[%clk 0:32:42]}
Qh4 {[%clk 0:30:08]} 19. a4 {[%clk 0:31:01]} a5 {[%clk 0:29:47]} 20. Nc4 {[%clk
0:26:55]} Re6 {[%clk 0:27:38]} 21. Nxb6 {[%clk 0:22:50]} cxb6 {[%clk 0:27:54]}
22. Qe3 {[%clk 0:20:54]} Rh6 {[%clk 0:27:56]} 23. h3 {[%clk 0:21:18]} Bxh3 {[%clk
0:28:09]} 24. gxh3 {[%clk 0:17:51]} Qxh3+ {[%clk 0:28:22]} 25. Qxh3 {[%clk
0:18:17]} Rxh3+ {[%clk 0:28:45]} 26. Kg2 {[%clk 0:18:44]} Rxd3 {[%clk 0:29:05]}
27. Rad1 {[%clk 0:18:45]} Rxd1 {[%clk 0:29:19]} 28. Rxd1 {[%clk 0:19:11]} Rd8
{[%clk 0:29:42]} 29. e5 {[%clk 0:17:13]} d5 {[%clk 0:29:36]} 30. Kf3 {[%clk
0:17:35]} f6 {[%clk 0:28:41]} 31. exf6 {[%clk 0:17:10]} gxf6 {[%clk 0:28:11]} 32.
Kg4 {[%clk 0:16:30]} Kf7 {[%clk 0:28:35]} 33. Kf5 {[%clk 0:16:43]} h5 {[%clk
0:28:56]} 34. Re1 {[%clk 0:17:02]} d4 {[%clk 0:29:20]} 35. cxd4 {[%clk 0:16:08]}
Rxd4 {[%clk 0:29:36]} 36. b3 {[%clk 0:16:31]} Rd5+ {[%clk 0:26:45]} 37. Ke4
{[%clk 0:16:59]} Ke6 {[%clk 0:27:03]} 38. Rh1 {[%clk 0:16:03]} c5 {[%clk
0:27:07]} 39. Ke3 {[%clk 0:15:55]} Rd4 {[%clk 0:27:28]} 0-1

[Event "Baku Chess Olympiad | Open"]
[Site "chess24.com"]
[Date "2016.09.12"]
[Round "10"]
[White "Bologan, Victor"]
[Black "Vocaturo, Daniele"]
[Result "0-1"]
[Board "1"]
[WhiteID "13900048"]
[WhiteElo "2648"]
[WhiteTitle "GM"]
[WhiteCountry "MDA"]
[WhiteFideId "13900048"]
[WhiteEloChange "-6"]
[BlackID "813192"]
[BlackElo "2583"]
[BlackTitle "GM"]
[BlackCountry "ITA"]
[BlackFideId "813192"]
[BlackEloChange "6"]

1. e4 {[%clk 1:30:56]} e5 {[%clk 1:30:31]} 2. Nf3 {[%clk 1:31:20]} Nc6 {[%clk
1:30:51]} 3. Bb5 {[%clk 1:31:43]} a6 {[%clk 1:30:55]} 4. Ba4 {[%clk 1:32:05]} Nf6
{[%clk 1:31:03]} 5. d3 {[%clk 1:32:28]} Bc5 {[%clk 1:27:31]} 6. c3 {[%clk
1:31:57]} b5 {[%clk 1:26:50]} 7. Bc2 {[%clk 1:32:22]} d5 {[%clk 1:24:31]} 8. Nbd2
{[%clk 1:22:36]} O-O {[%clk 1:23:20]} 9. O-O {[%clk 1:22:43]} Bb6 {[%clk
1:15:32]} 10. Qe2 {[%clk 1:14:36]} Re8 {[%clk 1:13:10]} 11. exd5 {[%clk 1:01:44]}
Nxd5 {[%clk 1:12:48]} 12. Ne4 {[%clk 1:01:27]} Bg4 {[%clk 1:08:47]} 13. Ng3
{[%clk 0:51:38]} Qd7 {[%clk 1:07:10]} 14. h3 {[%clk 0:39:25]} Nf4 {[%clk
1:02:32]} 15. Qe4 {[%clk 0:38:54]} f5 {[%clk 0:58:18]} 16. Nxe5 {[%clk 0:38:53]}
Nxh3+ {[%clk 0:56:49]} 17. gxh3 {[%clk 0:38:50]} Nxe5 {[%clk 0:56:35]} 18. Bb3+
{[%clk 0:37:32]} Kh8 {[%clk 0:54:27]} 19. Qd5 {[%clk 0:36:56]} Bxh3 {[%clk
0:53:48]} 20. Qxd7 {[%clk 0:33:36]} Nxd7 {[%clk 0:54:01]} 21. Rd1 {[%clk
0:33:47]} Bg4 {[%clk 0:51:06]} 22. Rf1 {[%clk 0:34:00]} Ne5 {[%clk 0:48:23]} 23.
d4 {[%clk 0:34:20]} Nf3+ {[%clk 0:48:22]} 24. Kg2 {[%clk 0:32:24]} c5 {[%clk
0:45:36]} 25. dxc5 {[%clk 0:25:05]} Bxc5 {[%clk 0:45:29]} 26. Nxf5 {[%clk
0:24:42]} Bxf5 {[%clk 0:42:02]} 27. Kxf3 {[%clk 0:24:28]} Bd3 {[%clk 0:42:01]}
28. Rg1 {[%clk 0:23:27]} Re2 {[%clk 0:39:55]} 29. Be3 {[%clk 0:20:02]} Rf8+
{[%clk 0:36:47]} 30. Kg4 {[%clk 0:20:16]} Bxe3 {[%clk 0:36:05]} 31. fxe3 {[%clk
0:20:41]} Rxe3 {[%clk 0:35:55]} 32. Rg3 {[%clk 0:18:59]} Bf5+ {[%clk 0:34:34]}
33. Kf4 {[%clk 0:17:54]} Re2 {[%clk 0:34:14]} 34. Kf3 {[%clk 0:13:38]} Rxb2
{[%clk 0:31:58]} 35. Ke3 {[%clk 0:12:32]} Rd8 {[%clk 0:29:40]} 36. Kf4 {[%clk
0:10:45]} Rf2+ {[%clk 0:29:03]} 37. Ke5 {[%clk 0:10:45]} g6 {[%clk 0:29:13]} 38.
a4 {[%clk 0:09:50]} Re2+ {[%clk 0:26:54]} 39. Kf6 {[%clk 0:08:08]} Rf8+ {[%clk
0:26:20]} 40. Kg5 {[%clk 0:38:21]} Bd7 {[%clk 0:56:14]} 41. Rh1 {[%clk 0:36:36]}
Kg7 {[%clk 0:55:52]} 0-1

[Event "Baku Chess Olympiad | Open"]
[Site "chess24.com"]
[Date "2016.09.12"]
[Round "10"]
[White "Dvirnyy, Danyyil"]
[Black "Iordachescu, Viorel"]
[Result "1/2-1/2"]
[Board "2"]
[WhiteID "817570"]
[WhiteElo "2543"]
[WhiteTitle "GM"]
[WhiteCountry "ITA"]
[WhiteFideId "817570"]
[WhiteEloChange "1"]
[BlackID "13900200"]
[BlackElo "2584"]
[BlackTitle "GM"]
[BlackCountry "MDA"]
[BlackFideId "13900200"]
[BlackEloChange "-1"]

1. d4 {[%clk 1:30:56]} Nf6 {[%clk 1:30:37]} 2. c4 {[%clk 1:31:18]} e6 {[%clk
1:31:01]} 3. Nf3 {[%clk 1:31:43]} b6 {[%clk 1:31:13]} 4. g3 {[%clk 1:32:05]} Ba6
{[%clk 1:31:05]} 5. b3 {[%clk 1:32:28]} Bb7 {[%clk 1:30:38]} 6. Bg2 {[%clk
1:32:50]} Bb4+ {[%clk 1:30:43]} 7. Bd2 {[%clk 1:33:08]} a5 {[%clk 1:29:47]} 8.
Nc3 {[%clk 1:29:01]} O-O {[%clk 1:28:21]} 9. O-O {[%clk 1:26:45]} Qc8 {[%clk
1:27:53]} 10. d5 {[%clk 1:14:21]} Na6 {[%clk 1:21:06]} 11. Nd4 {[%clk 1:04:50]}
Nc5 {[%clk 1:20:33]} 12. Qc2 {[%clk 1:00:18]} exd5 {[%clk 1:16:23]} 13. Nxd5
{[%clk 0:57:14]} Nxd5 {[%clk 1:15:53]} 14. cxd5 {[%clk 0:57:03]} Bxd2 {[%clk
1:14:59]} 15. Qxd2 {[%clk 0:56:50]} Qe8 {[%clk 1:14:43]} 16. Nb5 {[%clk 0:54:05]}
Rc8 {[%clk 1:13:03]} 17. Nc3 {[%clk 0:51:38]} f5 {[%clk 1:13:03]} 18. Rfe1 {[%clk
0:49:37]} Qf7 {[%clk 1:02:56]} 19. f4 {[%clk 0:44:39]} Rce8 {[%clk 0:55:36]} 20.
e4 {[%clk 0:41:43]} fxe4 {[%clk 0:55:31]} 21. Nxe4 {[%clk 0:42:05]} Nxe4 {[%clk
0:54:26]} 22. Bxe4 {[%clk 0:40:54]} Qf6 {[%clk 0:49:01]} 23. Bg2 {[%clk 0:38:14]}
c5 {[%clk 0:48:37]} 24. dxc6 {[%clk 0:38:12]} Bxc6 {[%clk 0:48:46]} 25. Bxc6
{[%clk 0:30:34]} dxc6 {[%clk 0:47:45]} 26. Rxe8 {[%clk 0:29:03]} Rxe8 {[%clk
0:47:53]} 27. Re1 {[%clk 0:27:01]} Rxe1+ {[%clk 0:46:26]} 28. Qxe1 {[%clk
0:27:25]} Kf7 {[%clk 0:45:57]} 29. Qd2 {[%clk 0:25:31]} Qe6 {[%clk 0:43:28]} 30.
Kf2 {[%clk 0:24:18]} c5 {[%clk 0:43:10]} 31. Qd3 {[%clk 0:21:22]} 1/2-1/2

[Event "Baku Chess Olympiad | Open"]
[Site "chess24.com"]
[Date "2016.09.12"]
[Round "10"]
[White "Svetushkin, Dmitry"]
[Black "Brunello, Sabino"]
[Result "1-0"]
[Board "3"]
[WhiteID "13900463"]
[WhiteElo "2543"]
[WhiteTitle "GM"]
[WhiteCountry "MDA"]
[WhiteFideId "13900463"]
[WhiteEloChange "5"]
[BlackID "813613"]
[BlackElo "2568"]
[BlackTitle "GM"]
[BlackCountry "ITA"]
[BlackFideId "813613"]
[BlackEloChange "-5"]

1. e4 {[%clk 1:30:31]} e5 {[%clk 1:30:51]} 2. Nf3 {[%clk 1:30:54]} Nc6 {[%clk
1:31:15]} 3. Bb5 {[%clk 1:31:19]} a6 {[%clk 1:31:42]} 4. Ba4 {[%clk 1:31:44]} Nf6
{[%clk 1:32:09]} 5. O-O {[%clk 1:32:06]} Be7 {[%clk 1:32:36]} 6. Re1 {[%clk
1:32:30]} b5 {[%clk 1:33:02]} 7. Bb3 {[%clk 1:32:54]} d6 {[%clk 1:32:41]} 8. c3
{[%clk 1:33:16]} O-O {[%clk 1:33:06]} 9. d4 {[%clk 1:33:11]} Bg4 {[%clk 1:32:56]}
10. Be3 {[%clk 1:32:57]} Bh5 {[%clk 1:30:30]} 11. h3 {[%clk 1:33:18]} Re8 {[%clk
1:26:18]} 12. Nbd2 {[%clk 1:31:51]} exd4 {[%clk 1:25:29]} 13. cxd4 {[%clk
1:31:57]} Na5 {[%clk 1:25:55]} 14. Bc2 {[%clk 1:29:45]} c5 {[%clk 1:24:57]} 15.
dxc5 {[%clk 1:23:29]} dxc5 {[%clk 1:25:17]} 16. e5 {[%clk 1:23:10]} Nd5 {[%clk
1:17:51]} 17. Qb1 {[%clk 1:10:25]} Bg6 {[%clk 1:00:11]} 18. e6 {[%clk 1:09:35]}
Nc6 {[%clk 0:47:56]} 19. exf7+ {[%clk 1:06:08]} Kxf7 {[%clk 0:48:20]} 20. a4
{[%clk 1:03:56]} Qd7 {[%clk 0:36:50]} 21. Bg5 {[%clk 0:56:02]} Bf8 {[%clk
0:35:37]} 22. axb5 {[%clk 0:49:53]} axb5 {[%clk 0:35:50]} 23. Rxa8 {[%clk
0:50:04]} Rxa8 {[%clk 0:36:12]} 24. Bxg6+ {[%clk 0:49:18]} hxg6 {[%clk 0:36:41]}
25. Nh4 {[%clk 0:48:00]} Nde7 {[%clk 0:27:38]} 26. Bxe7 {[%clk 0:39:27]} Nxe7
{[%clk 0:25:27]} 27. Ndf3 {[%clk 0:39:13]} Qd6 {[%clk 0:23:59]} 28. Ne5+ {[%clk
0:34:00]} Kg8 {[%clk 0:24:14]} 29. Nhxg6 {[%clk 0:33:36]} Nxg6 {[%clk 0:24:37]}
30. Nxg6 {[%clk 0:33:54]} Qd5 {[%clk 0:24:18]} 31. Re5 {[%clk 0:29:20]} Qf7
{[%clk 0:09:03]} 32. Rh5 {[%clk 0:26:58]} 1-0